01834nam a22003854a 4500001001200000003000800012006001900020007001500039008004100054010001700095020003500112040002100147035002100168043001200189050002200201082001600223100002200239245010900261246001500370260004900385300001700434500001400451500009200465504004100557505029700598533015200895650005001047650007201097650005801169650003001227655002901257710001701286856012601303999001901429ebr10152615CaPaEBRm u cr cn|||||||||050202s2005 cau sb 000 0 eng  z 2005002944 z0833037609 (pbk. : alk. paper) aCaPaEBRcCaPaEBR a(OCoLC)560201914 an-us---14aR858b.B68 2005eb04a610/.282221 aBower, Anthony G.14aThe diffusion and value of healthcare information technologyh[electronic resource] /cAnthony G. Bower.32aHealthcare aSanta Monica, CA :bRand Corporation,c2005. axxiv, 101 p. a"MG-272." a"Prepared for Cerner, General Electric, Hewlett Packard, Johnson & Johnson, and Xerox". aIncludes bibliographical references.0 aWhy is health information technology (HIT) diffusion and its value important? -- What is the current diffusion of HIT? -- EHR Past and future diffusion in relation to other innovations -- The potential value of wide HIT diffusion -- Should the government intervene to speed diffusion of HIT?. aElectronic reproduction.bPalo Alto, Calif. :cebrary,d2013.nAvailable via World Wide Web.nAccess may be limited to ebrary affiliated libraries. 0aMedicinexInformation technologyxEvaluation. 0aMedicinexInformation technologyxGovernment policyzUnited States. 0aMedical recordsxData processingxCost effectiveness. 0aDiffusion of innovations. 7aElectronic books.2local2 aebrary, Inc.40uhttp://site.ebrary.com/lib/rucke/Doc?id=10152615zAn electronic book accessible through the World Wide Web; click to view c192453d192453